000 00958nas a2200265 i 4500
003 DO-SdBNP
005 20260506120145.0
007 ta
008 260506e2003 dr an|p|r||||||0| 0 spa d
040 _aDO-SdBNP
_bspa
_cBNPHU
_erda
041 _aspa
245 _aGuía de la salud /
_cAvelino Stanley, presidente.
264 _aSanto Domingo, República Domingo :
_bStanley Gráficos y Asocs,
_c2003.
300 _avolumen :
_bilustraciones, fotografías, gráficas ;
_c28 cm.
310 _aAnual.
336 _atexto
_btxt
_2rdacontent
337 _asin mediación
_bn
_2rdamedia
338 _avolumen
_bnc
_2rdacarrier
362 _aAño 2003.
500 _aCatalogación basada en el: Año 2003.
650 0 _aMedicina
_vGuía
_vPublicaciones periódicas
_912481
_zRepública Dominicana
650 0 _aSalud
_vGuía
_vPublicaciones periódicas
_91687
_yRepública Dominicana
700 _aStanley, Avelino,
_d1959-
_930225
_epresidente
942 _2ddc
_cISSUE
999 _c60676
_d60676